000
00310nam a22001337a 4500
008
181107b xxu||||| |||| 00| 0 eng d
020
_a
9780830414284
041
_a
eng
080
_a
316
100
_a
50
101
_a
SOC
245
_a
Social Welfare. Policy and Analysis
_c
Dobelstein, A.W
942
_2
udc
_c
BK
999
_c
52156
_d
52156